| 000 | 00505nam a22001697a 4500 | ||
|---|---|---|---|
| 005 | 20231101141755.0 | ||
| 008 | 231101b |||||||| |||| 00| 0 eng d | ||
| 020 | _a0409028223 ; 0409028231 | ||
| 041 | _aAfrikaans | ||
| 082 | _a346.7 FLE | ||
| 100 |
_aFlemming, HCJ _lEnglish |
||
| 245 |
_aKrediettransaksies / _cHCJ Flemming |
||
| 260 |
_aDurban : _bButterworth, _c1982 |
||
| 300 |
_bxxxv, 486 pages ; _cLSN/1986/18 |
||
| 650 |
_aLegal practice _bLaw |
||
| 942 |
_cBK _6ALISON_BN_VRIES |
||
| 999 |
_c230 _d230 |
||